| 000 | 00576cam a2200205 a 4500 | ||
|---|---|---|---|
| 003 | PILC | ||
| 005 | 20150129085646.0 | ||
| 008 | 060426s ph 000 0 eng d | ||
| 020 | _a971896620X | ||
| 050 | 0 | 0 |
_aHF 5635 _b.V172 2000 vol.2 |
| 100 | 1 | _aValix, Conrado T. | |
| 245 | 1 | 0 |
_aFinancial accounting / _cConrado T. Valix, Jose F. Peralta. |
| 250 | _a2000 ed. | ||
| 260 |
_aManila : _bGIC Enterprises, _c2000. |
||
| 300 |
_av. ; _c23 cm. |
||
| 500 | _a"Based on ASC, SFAS and IAS"--Cover. | ||
| 650 | 0 | _aAccounting. | |
| 700 | 1 | _aPeralta, Jose F. | |
| 942 |
_2lcc _cBK |
||
| 999 |
_c278913 _d278913 |
||